Geography Quiz

Random Geography or City Quiz

American Language Geography Quiz Stats

Quiz Updated Jan 1, 2016

Challenge
Share
Tweet
Embed
Score 0/60 Timer 04:00
2 Plays Today
City Language % Correct
Fargo, NDSpanish
99.6%
Anchorage, AKSpanish
99.6%
Albuquerque, NMSpanish
99.6%
Detroit, MISpanish
99.6%
New York, NYSpanish
99.6%
Boston, MASpanish
99.6%
Washington, D.C.Spanish
99.6%
Los Angeles, CASpanish
99.6%
Seattle, WASpanish
99.6%
New Orleans, LASpanish
99.6%
Salt Lake City, UTSpanish
99.6%
Fargo, NDFrench
98.2%
Albuquerque, NMFrench
98.2%
Detroit, MIFrench
98.2%
New York, NYFrench
98.2%
Boston, MAFrench Creole
98.2%
Washington, D.C.French
98.2%
New Orleans, LAFrench
98.2%
Honolulu, HIChinese Languages
96.6%
New York, NYChinese Languages
96.6%
Boston, MAChinese Languages
96.6%
Washington, D.C.Chinese Languages
96.6%
Seattle, WAChinese Languages
96.6%
Fargo, NDGerman
93.1%
Anchorage, AKGerman
93.1%
Albuquerque, NMGerman
93.1%
Washington, D.C.German
93.1%
New Orleans, LAGerman
93.1%
Salt Lake City, UTGerman
93.1%
Honolulu, HIJapanese
90.5%
City Language % Correct
Seattle, WAJapanese
90.5%
New York, NYItalian
86.4%
New Orleans, LAItalian
86.4%
New York, NYRussian
85.8%
Detroit, MIArabic
78.5%
Boston, MAPortuguese
77.8%
Anchorage, AKKorean
69.5%
Honolulu, HIKorean
69.5%
Los Angeles, CAKorean
69.5%
Detroit, MIPolish
60.3%
Honolulu, HIVietnamese
58.6%
Albuquerque, NMVietnamese
58.6%
Boston, MAVietnamese
58.6%
Seattle, WAVietnamese
58.6%
New Orleans, LAVietnamese
58.6%
Salt Lake City, UTVietnamese
58.6%
Anchorage, AKTagalog
44.1%
Honolulu, HITagalog
44.1%
Los Angeles, CATagalog
44.1%
Seattle, WATagalog
44.1%
Fargo, NDNorwegian
37.6%
Los Angeles, CAPersian
37.3%
Fargo, NDSerbo-Croatian
20%
Salt Lake City, UTSerbo-Croatian
20%
Albuquerque, NMNavajo
18.9%
Los Angeles, CAArmenian
9.3%
Washington, D.C.Amharic
5.2%
Detroit, MISyriac
4.2%
Salt Lake City, UTTongan
3.7%
Anchorage, AKYupik
2.7%

You're not logged in!

Compare scores with friends on all Sporcle quizzes.
Sign Up with Email
OR
Log In

You Might Also Like...

Show Comments

Extras

Top Quizzes Today


Score Distribution

Your Account Isn't Verified!

In order to create a playlist on Sporcle, you need to verify the email address you used during registration. Go to your Sporcle Settings to finish the process.